| 000 | 00349nam a22001577a 4500 | ||
|---|---|---|---|
| 003 | SGT | ||
| 020 | _a978-81-239-2465-6 | ||
| 082 |
_a617.643 _bO15G |
||
| 100 | _aGOYAL , SANDEEP | ||
| 245 | _aTEXT BOOK OF ORTHODONTICS | ||
| 250 | _a1ST | ||
| 260 |
_aDELHI _bCBS PUBLISHERS _c2015 |
||
| 300 | _a877 | ||
| 650 | _aORTHODONTICS | ||
| 942 |
_2ddc _cBK _01 |
||
| 999 |
_c10852 _d10852 |
||